Home cooking around the world / (Record no. 6998)
[ view plain ]
| 000 -LEADER | |
|---|---|
| fixed length control field | 00610nam a22002052 4500 |
| 001 - CONTROL NUMBER | |
| control field | 0000005316 |
| 005 - DATE AND TIME OF LATEST TRANSACTION | |
| control field | 20151217152001.0 |
| 008 - FIXED-LENGTH DATA ELEMENTS--GENERAL INFORMATION | |
| fixed length control field | 070611s xx 000 0 eng d |
| 020 ## - INTERNATIONAL STANDARD BOOK NUMBER | |
| International Standard Book Number | 8174763430 : |
| Terms of availability | KES 890 |
| 040 ## - CATALOGING SOURCE | |
| Original cataloging agency | KABU |
| Transcribing agency | KABU |
| 050 #0 - LIBRARY OF CONGRESS CALL NUMBER | |
| Classification number | TX725 |
| Item number | .A1M46 |
| 100 1# - MAIN ENTRY--PERSONAL NAME | |
| Personal name | Mendonsa, Gilda. |
| -- | 0000156540 |
| 245 10 - TITLE STATEMENT | |
| Title | Home cooking around the world / |
| Statement of responsibility, etc. | Gilda Mendonsa. |
| 260 ## - PUBLICATION, DISTRIBUTION, ETC. (IMPRINT) | |
| Place of publication, distribution, etc. | New Delhi : |
| Name of publisher, distributor, etc. | UBSPD, |
| Date of publication, distribution, etc. | 2003. |
| 300 ## - PHYSICAL DESCRIPTION | |
| Extent | xxi, 351 p. : |
| Other physical details | col. ill. ; |
| Dimensions | 21 cm. |
| 650 #0 - SUBJECT ADDED ENTRY--TOPICAL TERM | |
| Topical term or geographic name as entry element | Cookery, International. |
| -- | 0000156541 |
| 908 ## - PUT COMMAND PARAMETER (RLIN) | |
| Put command parameter | 070611 |
| 950 ## - LOCAL HOLDINGS (RLIN) | |
| -- | 1 |
| Withdrawn status | Lost status | Source of classification or shelving scheme | Not for loan | Home library | Current library | Date acquired | Total Checkouts | Full call number | Barcode | Date last seen | Date last checked out | Price effective from | Koha item type |
|---|---|---|---|---|---|---|---|---|---|---|---|---|---|
| Library of Congress Classification | Kabarak, Main Campus | Kabarak, Main Campus | 17/12/2015 | 1 | TX725 .A1M46 | 009558 | 25/03/2021 | 08/03/2021 | 17/12/2015 | General Collection |